Sports Quiz

Random Sports or Football Quiz

Names of NAIA Football Teams Quiz Stats

 Plays Quiz not verified by Sporcle

Also try: Is It Offside?
Challenge
Share
Tweet
Embed
Score 0/15 Timer 04:00
0 Plays Today
teams % Correct
Iowa Wesleyan Tigers
75%
GeorgetownTigers
75%
Culver-Stockton Wildcats
62.5%
QuincyHawks
51.6%
ShorterHawks
51.6%
Grand ViewVikings
48.4%
Missouri ValleyVikings
48.4%
Peru StateBobcats
43.8%
teams % Correct
EvangelCrusaders
39.1%
Montana TechOrediggers
37.5%
Cumberland Bulldogs
34.4%
Montana State NorthernLights
32.8%
Lindsey WilsonBlue Raiders
28.1%
Texas CollegeSteers
28.1%
Virginia-WiseHighland Cavaliers
18.8%

You're not logged in!

Compare scores with friends on all Sporcle quizzes.
Join for Free
OR
Log In

You Might Also Like...

Show Comments

Extras

Created Jun 1, 2010ReportNominate
Tags:Football Quiz, naia, team

Top Quizzes Today


Score Distribution

Your Account Isn't Verified!

In order to create a playlist on Sporcle, you need to verify the email address you used during registration. Go to your Sporcle Settings to finish the process.

Report this User

Report this user for behavior that violates our Community Guidelines.

Details: